New edition of RICS Schedule of basic plant charges (Record no. 67004)

MARC details
000 -LEADER
fixed length control field 01026cam a2200205 4500
001 - CONTROL NUMBER
control field WB3719-28
008 - FIXED-LENGTH DATA ELEMENTS--GENERAL INFORMATION
fixed length control field 000000n2001 000 0 eng u
035 ## - SYSTEM CONTROL NUMBER
System control number (Sirsi) u112575
245 ## - TITLE STATEMENT
Title New edition of RICS Schedule of basic plant charges
260 ## - PUBLICATION, DISTRIBUTION, ETC.
Date of publication, distribution, etc. 2001
490 ## - SERIES STATEMENT
Series statement CSM (Chartered Surveyor Monthly)
Volume/sequential designation May 2001, 5(1)
520 ## - SUMMARY, ETC.
Summary, etc. The new edition of the RICS Schedule of Basic Plant Charges comes into effect from 1 May 2001. The expanded and updated schedule, which includes rates for 390 items of plant, is for use in connection with dayworks under a building contract. This is the first revision of the document since 1990. To obtain a copy of "Schedule of basic plant charges - for use in connection with daywork under a building contract", priced £15.00 (inc. p&p) contact: BCIS Ltd, 12 Great George Street, Parliament Square, London SW1P 3AD.
590 ## - LOCAL NOTE (RLIN)
Local note WB
650 ## - SUBJECT ADDED ENTRY--TOPICAL TERM
Topical term or geographic name entry element BCIS
650 ## - SUBJECT ADDED ENTRY--TOPICAL TERM
Topical term or geographic name entry element RICS
650 ## - SUBJECT ADDED ENTRY--TOPICAL TERM
Topical term or geographic name entry element PLANT CHARGES
650 ## - SUBJECT ADDED ENTRY--TOPICAL TERM
Topical term or geographic name entry element DAYWORKS
690 ## - LOCAL SUBJECT ADDED ENTRY--TOPICAL TERM (OCLC, RLIN)
Topical term or geographic name as entry element PLANT AND MACHINERY
942 ## - ADDED ENTRY ELEMENTS (KOHA)
Suppress in OPAC 0
Holdings
Withdrawn status Lost status Source of classification or shelving scheme Damaged status Not for loan Home library Current library Shelving location Date acquired Total Checkouts Full call number Barcode Date last seen Copy number Price effective from Koha item type
    Dewey Decimal Classification     London London News article 15/05/2001   WB3719-28 112575-1001 06/08/2019 1 06/08/2019 News article